| 000 | 01109nam0a22002651 4500 | ||
|---|---|---|---|
| 001 | rc\436103 | ||
| 005 | 20030616170957.2 | ||
| 035 | _a(NLR Aleph) 005682577 | ||
| 090 |
_a7090493 _c7090493 |
||
| 100 | _a20030616d1987 u |0rusy50 ca | ||
| 101 | 0 | _arus | |
| 102 | _aRU | ||
| 105 | _ay ||||||||| | ||
| 200 | 1 |
_aЛатинская Америка: проблемы развития и размещения промышленности _f[К.С. Тарасов, В.И. Булавин, Т.С. Гаврилова и др.] _gОтв. ред. К.С. Тарасов _gАН СССР, Ин-т Латин. Америки |
|
| 210 |
_aМ. _cНаука _d1987 |
||
| 215 |
_a220, [1] с. _d22 |
||
| 300 | _aАвт. указаны на обороте тит. л. | ||
| 320 | _aБиблиогр. в примеч.: с. 203-205 | ||
| 701 | 1 |
_aТарасов _bК. С. _gКонстантин Сергеевич |
|
| 712 | 0 | 2 |
_aИнститут Латинской Америки _cМосква _3RU\NLR\AUTH\8822179 |
| 801 | 0 |
_aRU _bNLR _gpsbo |
|
| 801 | 1 |
_aRU _bELAR _2rusmarc |
|
| 852 |
_aNLR _j87-5/2864 |
||
| 942 | _cBOOK | ||
| 980 | _aNB | ||